000 00913nam a2200265Ia 4500
003 OSt
005 20221005103247.0
006 a|||||r|||| 00| 0
007 ta
008 221004b |||||||| |||| 00| 0 hin d
020 _a978938044361 (hbk)
_c225
024 _a8163
037 _b218, 28/11/2013, Eastern Book Linkers
_cTextual
040 _aCRL
_cCRL
_bhin
041 _2hin
_ahin
082 _aO152,6N47x, Q0
100 _aस्वयं प्रकाश
245 0 _aहमसफ़रनामा
246 _aHamasaफ़ranāmā
260 _aगाजियाबाद
_bअंतिका प्रकाशन भारत
_c2010
300 _a144पृ0
_ccm.
650 _aहिन्दी साहित्य
942 _hO152,6N47x, Q0
_cTEXL
_2cc
999 _c1009723
_d1009723